000 00826nam a2200193 a 4500
008 160922s2014 ||||||||||||||||| || u
050 _aCBU-PG THESIS/CHI
100 _aChimoga, Swygart
245 1 2 _aA study of livelihood sustainability in the mine induced resettlement: a case sudy of Mugoto resettlement in Mazabuka district
_cby Swygart Chimoga
260 _aKitwe
_bThe Copperbelt University
_c2014
300 _ax,113p.:ill.
500 _aIncludes References
650 _aZAMBIA--SOCIAL CONDITIONS
650 0 _aSUSTAINABLE LIVING
650 _aFORCED MIGRATION--ECONOMIC ASPECTS--DEVELOPING COUNTRIES
650 _aRESETTLEMENTS
650 _aSTANDARD OF LIVING--ZAMBIA
995 _FCBU-MAIN LIBRARY (Kitwe)
_M1
_UAVAILABLE
_WSep 22, 2016
_ZUniversity Collection
999 _c58859
_d58859